banner-ar

A HISTORY OF INDIA / (Record no. 11186)

MARC details
000 -الفاتح
حقل البيانات ثابتة الطول 00437nam a2200181Ia 4500
008 - عناصر البيانات ثابتة الطول - معلومات عامة
حقل البيانات ثابتة الطول 140319s9999 xx 000 0 eng d
040 ## - مصدر الفهرسة
وكالة الفهرسة الأصلية GCL /
وكالة النسخ GCL
082 04 - رقم تصنيف ديوى العشرى
رقم التصنيف 954
رقم المادة T H
100 1# - المدخل الرئيسى - إسم شخصى
الإسم الشخصى THOMPSON, EDWARD
245 10 - بيان العنوان
العنوان A HISTORY OF INDIA /
بيان المسئوليه,etc THOMPSON, EDWARD
260 ## - PUBLICATION, DISTRIBUTION, ETC. (IMPRINT)
تاريخ النشر أو التوزيع 1928
300 ## - الوصف المادى
التعداد 80 P
650 04 - المدخل الاضافى بالموضوع-مصطلح موضوعى
مصطلح موضوعي HISTORY
650 04 - المدخل الاضافى بالموضوع-مصطلح موضوعى
مصطلح موضوعي INDIA - HISTORY
650 04 - المدخل الاضافى بالموضوع-مصطلح موضوعى
مصطلح موضوعي INDIA
942 ## - عناصر المدخل الإضافي( كوها)
مصدر التصنيف او مخطط الترفيف Dewey Decimal Classification
Koha [default] item type كتاب
260 ## - PUBLICATION, DISTRIBUTION, ETC. (IMPRINT)
-- [S.N] :
-- ERNEST BENN ،
Holdings
حالة التراجع حالة الفقد حالة تلف ليس للاعارة المكان المؤقت الموقع الحالى تاريخ الاكتساب اجمالي اﻻعارات رقم الطلب الباركود تاريخ اخر مشاهدة تاريخ تفعيل السعر نوع وعاء كوها
        مكتبة القاهرة الكبرى مكتبة القاهرة الكبرى 03/26/2014   954\T H 22249 03/26/2014 03/26/2014 كتاب

Powered By

EGPV